عرض عادي
عرض مارك
- Ryan, Damian.
مدخل إسم شخص
001 - رقم الضبط
- حقل الضبط: 15119
003 - معرف رقم الضبط
- حقل الضبط: OSt
005 - تاريخ ووقت أخر عملية
- حقل الضبط: 20120530022937.0
008 - عناصر بيانات ثابتة الطول
- حقل تحكم ثابت الطول: 120530|||a|||||| | ||| d
040 ## - مصدر الفهرسة
- هيئة الفهرسة الأصلية: OSt
- وكالة الكتابة: OSt
100 ## - مدخل -- أسم شخص
- إسم شخص: Ryan, Damian.
670 ## - بيانات المصدر موجوده
- الاستشهاد بالمصدر: Work cat.: (OSt)0: Ryan, Damian., The best digital marketing campaigns in the world :, c2011.
